[Event "Peace Tournament 2018"]
[Site "Zagreb"]
[Date "2018.11.09"]
[Round "5.5"]
[White "Amin, Bassem"]
[Black "Adhiban, B.."]
[Result "0-1"]
[WhiteElo "2709"]
[BlackElo "2682"]
[Annotator "TA"]
[PlyCount "58"]
[EventDate "2018.11.12"]
[EventType "tourn"]
[EventCountry "CRO"]
[SourceTitle "playchess.com"]
[Source "ChessBase"]
[SourceQuality "1"]

{[%evp 17,58,14,41,38,50,16,9,0,16,10,16,-43,-8,-47,-2,-89,-99,-125,-127,-129,-98,-253,-260,-249,-248,-334,-274,-354,-331,-851,-848,-791,-683,-652,-581,-556,-572,-1444,-1378,-2008,-1904,-2568,-2500]} 1. e4 e5 2. Nf3 Nc6 3. Bc4 Bc5 4. O-O Nf6 5. d3 d6 6. c3 a6 7. Re1 {C54: Giuoco Piano: 4 c3 Nf6, main lines with 5 d4 and 5 d3} Ba7 8. a4 Ng4 9. Re2 Qf6 {LiveBook: 3 Games} 10. Nbd2 $146 ({Predecessor:} 10. Na3 O-O 11. Nc2 Be6 12. h3 Nh6 13. Bg5 Qg6 14. Qd2 Bxc4 15. dxc4 {0-1 (72) Van Foreest,J (2609)-Adhiban,B (2671) Hoogeveen 2017}) 10... g5 {aiming for ...Nxf2.} 11. Qe1 (11. d4 $5) 11... Rg8 12. Nf1 h5 13. Qd2 Be6 $1 14. Bd5 ({White should try} 14. Bxe6 $11 fxe6 15. h3 Bxf2+ 16. Rxf2 Nxf2 17. Qxf2) 14... Bxd5 $15 15. exd5 Ne7 $1 {[%cal Bc6e7,Be7d5,Bd5f4,Bf4h3,Bh3f2,Bf2d3][%mdl 32]} 16. d4 {[#]} (16. c4 $1 $11) 16... O-O-O $1 $17 17. h3 Nh6 {[%cal Bg4h6,Bh6f5,Bf5h4,Bh4f3][%mdl 32]} 18. Ng3 {[%cal Rd4e5]} Nxd5 19. Nxh5 $2 (19. Qc2 $17) 19... Qg6 $19 20. Ng3 {[%cal Rd2g5] [#]} ({Wrong is} 20. dxe5 $2 Qxh5 21. Qxd5 g4 $19) 20... Nf4 $1 21. Re4 Nf5 22. Qc2 Nh4 23. dxe5 $2 (23. Nxh4 gxh4 24. Bxf4 exf4 25. Rc1) 23... Nxf3+ {Black is clearly winning.} 24. gxf3 Nxh3+ 25. Kf1 Nxf2 26. Re2 Nd3 27. exd6 Qxd6 28. Ne4 Qd7 {( -> ...Qh3+)} 29. Rh2 g4 {Accuracy: White = 19%, Black = 78%.} 0-1

[Event "Peace Tournament 2018"]
[Site "Zagreb"]
[Date "2018.11.09"]
[Round "5.6"]
[White "Saric, Ivan"]
[Black "Palac, Mladen"]
[Result "1-0"]
[WhiteElo "2692"]
[BlackElo "2548"]
[Annotator "TA"]
[PlyCount "93"]
[EventDate "2018.11.12"]
[EventType "tourn"]
[EventCountry "CRO"]
[SourceTitle "playchess.com"]
[Source "ChessBase"]
[SourceQuality "1"]

{[%evp 18,93,19,-1,11,13,30,16,10,12,12,0,20,0,10,0,16,0,12,-22,0,0,17,0,0,0,0,0,0,0,0,0,0,0,0,0,0,0,0,-16,-18,-27,22,0,0,0,12,14,18,8,43,0,0,0,473,0,0,0,0,0,53,0,146,154,167,138,155,87,111,128,124,79,70,109,673,626,2158,2208]} 1. e4 c5 2. Nf3 d6 3. d4 cxd4 4. Nxd4 Nf6 5. Nc3 a6 6. Be3 e5 7. Nb3 Be6 8. f3 Nbd7 {[%cal Bb8d7,Bd7b6,Bb6c4][%mdl 32]} 9. Qd2 b5 10. O-O-O h5 {B90: Sicilian Najdorf: Unusual White 6th moves, 6 Be3 Ng4 and 6 Be3 e5} 11. Nd5 (11. Kb1 Rc8 12. g3 Be7 13. Nd5 Nxd5 14. exd5 Bf5 15. Bd3 Bxd3 16. Qxd3 O-O 17. Rhg1 f5 18. h3 {1-0 (47) Aronian,L (2767)-Vachier Lagrave,M (2779) Saint Louis 2018}) 11... Rc8 {[%cal Ba8c8,Bc8c7,Bc7e7][%mdl 32]} 12. g3 Bxd5 {The position is equal.} 13. exd5 Nb6 $1 14. Bh3 {aiming for Bxb6.} Nc4 15. Qe2 Rc7 $1 16. Kb1 g6 $1 17. f4 Bh6 18. Bd4 $146 {[%cal Rf4e5]} (18. Bd2 $5) ({Predecessor:} 18. Bd2) 18... Re7 19. fxe5 $1 Nxe5 20. Rhe1 O-O 21. Qf1 Nfg4 22. Bxg4 $1 Nxg4 23. Rxe7 Qxe7 24. Re1 Qd8 25. h3 Ne5 $1 26. Bxe5 dxe5 27. Rd1 Qd6 28. c4 bxc4 29. Qxc4 Be3 30. g4 hxg4 31. hxg4 Rd8 32. Na5 Rb8 33. Nc6 Rb5 34. a4 Rc5 $1 {[%cal Rc5c4]} 35. Qxa6 Bg5 $2 {[%mdl 8192]} (35... Kg7 $1 $11 {and Black is okay.}) 36. Qd3 $2 (36. Qa8+ $18 Kg7 37. Rh1) 36... Kg7 $1 $11 37. Nb4 Ra5 38. Qb3 {Black must now prevent Nc6.} e4 (38... Qb8 $11 39. Ka2 Qb5) 39. Nc2 (39. Na2 $1 $14 Qa6 40. Nc3) 39... Bf6 {[#]} (39... Ra8 $11) 40. g5 $1 $36 {[%cal Rg5f6][%mdl 2048] White is in control.} Be5 41. Ne3 Qa6 42. Nc4 Rxa4 43. Nxe5 Ra1+ 44. Kc2 {Rxa1 is the strong threat.} Qe2+ 45. Rd2 Qf1 $2 {[%mdl 8192] [#]} (45... Qe1 $16 46. Qb6 Rc1+ 47. Kb3 Qg3+ {[%mdl 64] Double Attack} 48. Nd3 exd3) 46. Qb6 $1 $18 Qb1+ 47. Kc3 {Accuracy: White = 54%, Black = 47%.} 1-0

[Event "Peace Tournament 2018"]
[Site "Zagreb"]
[Date "2018.11.09"]
[Round "6.1"]
[White "Ivanchuk, Vassily"]
[Black "Palac, Mladen"]
[Result "1-0"]
[WhiteElo "2714"]
[BlackElo "2548"]
[Annotator "TA"]
[PlyCount "41"]
[EventDate "2018.11.12"]
[EventType "tourn"]
[EventCountry "CRO"]
[SourceTitle "playchess.com"]
[Source "ChessBase"]
[SourceQuality "1"]

{[%evp 22,41,0,0,59,63,69,69,61,11,279,273,426,429,403,422,387,393,550,549,540,541]} 1. d4 Nf6 2. c4 e6 3. Nc3 Bb4 4. Nf3 d5 5. Bg5 dxc4 6. e4 {[%cal Be2e4,Be4e5][%mdl 32]} c5 7. e5 cxd4 8. Qa4+ Nc6 9. O-O-O Bd7 {[#]} 10. Ne4 $1 {[%mdl 576] Pin} Be7 (10... Nxe4 11. Bxd8) 11. exf6 gxf6 12. Bh4 O-O $146 {D39: Queen's Gambit Declined: Ragozin Defence with 5 Bg5 dxc4} ({Better is} 12... Qc7 $11 13. Kb1 (13. Bxc4 Na5 $11) (13. Qxc4 Qf4+ 14. Ned2 Rc8 $11) 13... Qf4) ({Predecessor:} 12... Rc8 13. Kb1 Na5 14. Qc2 e5 15. Nxd4 exd4 16. Rxd4 Qb6 17. Rd6 Rc6 18. Rxc6 Qxc6 19. Be2 f5 20. Bxe7 Qxe4 {½-½ (33) Grischuk,A (2756)-Gelfand,B (2750) Nice 2010}) 13. Bxc4 $14 ({Much worse is} 13. Qxc4 e5 $15) 13... Rc8 14. Kb1 e5 {White is slightly better.} 15. Rc1 f5 $2 {[%mdl 8192] [#]} (15... Nb4 $1 $11 {and Black has nothing to worry.} 16. Bb5 (16. Qxa7 Bc6 $15) 16... Bf5) 16. Nc5 $18 {[%cal Be4c5,Bc5b7,Bb7a5][%mdl 32]} Be8 (16... Rc7 {might work better.}) 17. Nxb7 Qd7 {intending ...Bxh4.} 18. Bxe7 Qxe7 19. Na5 e4 20. Bb5 exf3 21. gxf3 1-0

[Event "Peace Tournament 2018"]
[Site "Zagreb"]
[Date "2018.11.09"]
[Round "6.2"]
[White "Adhiban, B.."]
[Black "Saric, Ivan"]
[Result "1/2-1/2"]
[WhiteElo "2682"]
[BlackElo "2692"]
[Annotator "TA"]
[PlyCount "29"]
[EventDate "2018.11.12"]
[EventType "tourn"]
[EventCountry "CRO"]
[SourceTitle "playchess.com"]
[Source "ChessBase"]
[SourceQuality "1"]

{[%evp 13,29,14,31,0,21,6,20,26,28,16,24,13,9,10,23,13,0,4]} 1. d4 d5 2. c4 c6 3. Nc3 Nf6 4. Nf3 e6 5. Bg5 h6 6. Bxf6 Qxf6 7. e3 Nd7 8. Nd2 {D43: Semi-Slav: 5 Bg5 h6} (8. Qc2 {feels hotter.} Bd6 9. Bd3 O-O 10. O-O Qe7 11. c5) (8. Bd3 g6 9. O-O Bg7 10. Re1 O-O 11. e4 dxc4 12. Bxc4 Qe7 13. e5 b6 14. Qe2 Rd8 15. Rad1 Bb7 16. h4 a6 17. a3 a5 18. Ba2 Rac8 19. Bb1 c5 20. d5 exd5 21. Nxd5 Bxd5 22. Rxd5 {1-0 (52) Le,Q (2739)-Wang,Y (2699) Ashkhabad 2017}) 8... Bb4 (8... Bd6 {is interesting.} 9. Bd3 Qe7 10. O-O O-O 11. a3 b6) 9. a3 $146 ({Predecessor:} 9. g3 e5 10. cxd5 exd4 11. exd4 O-O 12. dxc6 bxc6 13. Be2 Qxd4 14. Rc1 Ne5 15. O-O Bh3 {½-½ (59) Peralta,F (2567)-Admiraal,M (2465) Teplice 2018}) 9... Bxc3 10. bxc3 O-O 11. Be2 Nb6 12. O-O Nxc4 13. Nxc4 dxc4 14. Bxc4 b6 15. a4 1/2-1/2

[Event "Peace Tournament 2018"]
[Site "Zagreb"]
[Date "2018.11.09"]
[Round "6.3"]
[White "Cheparinov, Ivan"]
[Black "Amin, Bassem"]
[Result "1-0"]
[WhiteElo "2711"]
[BlackElo "2709"]
[Annotator "TA"]
[PlyCount "85"]
[EventDate "2018.11.12"]
[EventType "tourn"]
[EventCountry "CRO"]
[SourceTitle "playchess.com"]
[Source "ChessBase"]
[SourceQuality "1"]

{[%evp 31,85,63,63,65,73,64,60,58,52,61,60,59,72,69,58,58,58,58,71,62,135,66,72,60,63,64,85,82,102,99,89,92,152,142,662,428,275,168,166,152,156,141,545,545,579,579,29979,29980,29980,29981,29981,29982,29981,29982,29981,29980]} 1. d4 Nf6 2. c4 g6 3. Nc3 Bg7 4. e4 d6 5. h3 O-O 6. Be3 c5 7. Nf3 cxd4 8. Nxd4 Nc6 9. Be2 Bd7 10. O-O Nxd4 11. Bxd4 Bc6 12. Qc2 {B38: Sicilian: Maroczy Bind with 5...Bg7 and 7...0-0} (12. Bf3 a5 13. Qd2 Nd7 14. Bxg7 Kxg7 15. b3 Qb6 16. Nd5 Bxd5 17. exd5 Qb4 18. Qb2+ Kg8 19. a3 Qb6 {½-½ (29) Romanov,E (2619)-Ivanchuk,V (2713) Batumi 2018}) 12... a5 13. Rad1 Nd7 14. Bxg7 Kxg7 15. Bg4 Ne5 16. c5 {[%cal Bc4c5,Bc5d6][%mdl 32]} Nxg4 {LiveBook: 12 Games} 17. hxg4 Qc8 18. cxd6 Qxg4 19. dxe7 Rfe8 $1 20. Nd5 $146 Bxd5 $1 21. Qc3+ Kg8 22. exd5 {[%cal Be4d5,Bd5d6][%mdl 32]} Rxe7 23. d6 Rd7 $1 24. Rd5 Qb4 25. Qe5 a4 {[#]} (25... Rc8 $14) 26. a3 (26. Rc1 $1 $16) 26... Qb6 $14 27. Re1 $36 {[%mdl 2048] Black is under pressure.} Rad8 {[%cal Rd7d6]} 28. Red1 Qc6 29. Kh2 Qc4 30. R1d4 Qc2 31. Rd2 Qb3 (31... Qc4 $142) 32. Qd4 $16 h6 $2 {[%mdl 8192]} (32... b5 $16 33. f3 Qc4) 33. Re2 Kh7 34. f4 b5 35. Re4 Qc2 36. Re7 ({Worse is} 36. Rxb5 Rxd6 37. Qxa4 Qf2 $11) 36... Qc6 $2 {[%mdl 8192]} (36... Qc4 $16) 37. Qe5 $18 h5 38. f5 {[#] Threatening mate with fxg6+.} Rxe7 39. fxg6+ {White mates.} fxg6 40. Qxe7+ Kh6 41. Qg5+ Kh7 42. Qxd8 Qxd5 43. Qc7+ {Accuracy: White = 80%, Black = 43%.} 1-0

[Event "Peace Tournament 2018"]
[Site "Zagreb"]
[Date "2018.11.09"]
[Round "6.4"]
[White "Jovanovic, Zoran"]
[Black "Zelcic, Robert"]
[Result "1/2-1/2"]
[WhiteElo "2537"]
[BlackElo "2508"]
[Annotator "TA"]
[PlyCount "116"]
[EventDate "2018.11.12"]
[EventType "tourn"]
[EventCountry "CRO"]
[SourceTitle "playchess.com"]
[Source "ChessBase"]
[SourceQuality "1"]

{[%evp 10,116,22,13,19,22,27,26,22,22,75,8,15,13,16,8,14,0,0,0,8,0,0,0,0,0,0,-10,-6,-9,0,-14,40,30,35,41,40,41,51,34,61,38,36,17,17,21,20,17,25,25,28,35,28,17,17,0,0,0,0,0,0,-18,0,0,0,0,0,0,0,0,0,0,0,0,0,0,0,0,0,0,0,0,0,0,0,0,0,0,0,0,0,0,0,0,0,-34,-45,-67,-68,-68,0,0,0,0,0,0,0,0,0]} 1. e4 c6 2. Nc3 d5 3. Nf3 Bg4 4. h3 Bxf3 5. Qxf3 Nf6 6. Be2 {LiveBook: 66 Games} e5 {B11: Caro-Kann: Two Knights Variation} (6... e6 7. O-O Qb6 8. d3 Nbd7 9. Qf4 d4 10. Nb1 Qc5 11. Bd1 Bd6 12. Qg5 Qxg5 13. Bxg5 h6 14. Bc1 {1-0 (72) Fedoseev,V (2718)-Kasimdzhanov,R (2683) Riadh 2017}) 7. d3 Be7 $146 ({Predecessor:} 7... d4 8. Nb1 Nbd7 9. O-O Bd6 10. Qg3 Nf8 11. f4 exf4 12. Bxf4 Bxf4 13. Qxf4 Ng6 14. Qg3 {½-½ (33) Fernandez,E-Fernandez,J (2360) ICCF email 2016}) 8. Qg3 {[%mdl 64] [#] Double Attack} Nbd7 {White has an edge.} 9. O-O dxe4 (9... O-O $11 {remains equal.}) 10. Nxe4 (10. Qxg7 $16 Rg8 11. Qh6) 10... O-O $11 11. Re1 Ne8 {[%cal Bf6e8,Be8d6,Bd6f5][%mdl 32]} 12. Nd2 Nd6 13. Nf3 Nf5 14. Qg4 g6 15. Bf1 Qc7 16. Bd2 Rfe8 17. a4 a5 18. Bc3 {[%cal Rf3e5]} Bc5 19. Re2 h5 20. Qc4 Qb6 (20... Ng3 $11) 21. Rae1 $14 Ng3 22. Rd2 {[%cal Rf3e5]} Bb4 23. Bxb4 axb4 24. d4 Nxf1 25. Kxf1 {[%cal Rf3e5]} (25. Ng5 {is more complex.} Re7 26. Kxf1 Rxa4 27. dxe5 Qa6 28. Qxa6 Rxa6 29. Nxf7 Kxf7 30. e6+) 25... Rxa4 26. Nxe5 Nxe5 27. dxe5 {Threatens to win with e6.} Qa6 28. Qxa6 bxa6 $11 {[%mdl 4096] Endgame KRR-KRR} 29. Rd4 c5 30. Rc4 Ra5 31. f4 Rd8 32. e6 fxe6 33. Rxe6 Kf7 34. Re5 Rd2 35. Re2 (35. Kg1 {feels hotter.} Ra1+ 36. Kh2 Ra2 37. Rcxc5 Rxb2 38. Rc7+) 35... Rxe2 36. Kxe2 {KR-KR} Ke6 37. Re4+ Kd6 38. b3 Ra1 39. Re5 Rc1 40. Kd2 Rf1 41. Rg5 Rxf4 42. Rxg6+ Kd5 43. c4+ Kd4 44. Rd6+ Ke5 45. Rc6 Kd4 {[#] And now ...Rf2+ would win.} 46. Rd6+ Ke4 47. Re6+ Kf5 48. Rc6 Rf2+ 49. Ke3 Rxg2 {Strongly threatening ...Rg3+.} 50. Rxc5+ Kg6 51. Kf4 Rf2+ 52. Kg3 Rb2 53. Kh4 Rxb3 {Hoping for ...Ra3.} 54. Rc6+ $1 Kf7 ({Black should try} 54... Kf5 $15 55. Rxa6 Re3 56. Ra5+ Ke4 57. Rxh5 b3) 55. Rxa6 {The position is equal.} Rc3 56. Rb6 b3 57. c5 Ke7 58. Kxh5 Rxh3+ {Accuracy: White = 60%, Black = 79%.} 1/2-1/2

[Event "Peace Tournament 2018"]
[Site "Zagreb"]
[Date "2018.11.09"]
[Round "6.5"]
[White "Malakhov, Vladimir"]
[Black "Bacrot, Etienne"]
[Result "1/2-1/2"]
[WhiteElo "2654"]
[BlackElo "2677"]
[Annotator "TA"]
[PlyCount "135"]
[EventDate "2018.11.12"]
[EventType "tourn"]
[EventCountry "CRO"]
[SourceTitle "playchess.com"]
[Source "ChessBase"]
[SourceQuality "1"]

{[%evp 20,135,14,11,33,27,44,25,35,20,30,23,60,59,55,42,65,59,70,71,66,13,14,13,15,15,15,12,50,50,50,50,50,27,29,27,27,27,27,27,50,50,67,67,64,12,12,8,18,18,19,12,12,12,12,12,12,8,8,12,12,12,12,12,12,12,26,28,51,58,58,31,21,16,25,4,7,5,10,8,12,8,8,8,8,4,14,14,39,4,20,4,7,5,5,0,43,3,24,34,29,25,62,62,64,70,69,64,87,8,62,13,59,83,87,62,62,0]} 1. Nf3 d5 2. c4 e6 3. g3 Nf6 4. Bg2 Be7 5. d4 O-O 6. Nc3 dxc4 7. Ne5 Nc6 8. Bxc6 {E06: Closed Catalan: Early deviations} bxc6 9. Nxc6 Qe8 10. Nxe7+ Qxe7 11. Qa4 {LiveBook: 99 Games} Nd5 $146 ({Predecessor:} 11... c5 12. dxc5 Qxc5 13. Be3 Qc7 14. O-O-O Ng4 15. Rd2 Nxe3 16. fxe3 Rb8 17. Rhd1 a5 18. Kb1 h6 19. Ka1 Rb4 {1-0 (49) Caruana,F (2822)-Nakamura,H (2777) Saint Louis 2018}) 12. Qxc4 a5 13. Bd2 Ba6 14. Qc5 Qd7 15. Rc1 a4 16. f3 Rfb8 17. Nd1 $1 f5 18. Kf2 Rb6 19. Rc2 Rab8 20. Ne3 (20. Re1 $14) 20... Rxb2 $11 21. Rhc1 Rxc2 (21... h6 {with more complications.} 22. Qa5 Qb5 23. Qxb5 R8xb5 24. Nd1 Rxc2 25. Rxc2 Rb1) 22. Rxc2 Qb5 23. Qxb5 Bxb5 (23... Rxb5 {looks sharper.} 24. g4 Nxe3 25. Kxe3 e5 26. Bc3 fxg4 27. fxg4 exd4+ 28. Bxd4 Rb7) 24. a3 Nxe3 25. Kxe3 $14 {[%mdl 4096] Endgame KRB-KRB} c6 26. Bb4 Rd8 27. Bc5 Kf7 28. Kf4 Kf6 29. h4 Rd7 30. e3 g6 31. g4 fxg4 32. Kxg4 (32. fxg4 $14 e5+ 33. dxe5+ Ke6 34. Bd4) 32... e5 $11 33. h5 exd4 34. Bxd4+ Ke6 35. hxg6 hxg6 36. Bc5 Bd3 37. Rc3 Bb5 38. Kg5 Rd3 39. Rc1 Kf7 40. Kf4 Ke6 41. e4 Kf6 42. Rc2 Rd1 43. Rh2 Bc4 44. Rh8 Rd3 45. Rf8+ Bf7 46. Kg4 g5 47. f4 gxf4 48. Kxf4 Ke6 49. Rc8 Kd7 50. Ra8 Bb3 51. Ra7+ Kc8 52. e5 Rd7 53. Ra8+ Kb7 54. Rh8 (54. Re8 $5 {[%cal Re5e6]}) 54... Rd1 55. Re8 {Black should prevent e6.} Rf1+ 56. Kg5 {White wants to play e6.} Rc1 57. Bd6 Rg1+ 58. Kf4 {Threatening e6.} Re1 59. Rb8+ Ka6 60. Kf5 Rb1 61. Kf6 Rf1+ 62. Ke7 $1 {[%cal Re7d7] Black must now prevent Kd7.} Rf7+ 63. Kd8 Rb7 64. Rc8 ({White should play} 64. Rxb7 $16 {Kc7 would kill now.} Kxb7 65. Bc5) 64... Bd5 (64... Kb5 $1 $11) 65. Bc7 Be6 66. Ra8+ Ra7 67. Rb8 {[#] Strongly threatening Rb6+.} Rb7 68. Ra8+ {Accuracy: White = 62%, Black = 58%.} (68. Ke7 $14 Rxb8 69. Bxb8) 1/2-1/2

[Event "Peace Tournament 2018"]
[Site "Zagreb"]
[Date "2018.11.09"]
[Round "6.6"]
[White "Kozul, Zdenko"]
[Black "Stevic, Hrvoje"]
[Result "1/2-1/2"]
[WhiteElo "2612"]
[BlackElo "2589"]
[Annotator "TA"]
[PlyCount "39"]
[EventDate "2018.11.12"]
[EventType "tourn"]
[EventCountry "CRO"]
[SourceTitle "playchess.com"]
[Source "ChessBase"]
[SourceQuality "1"]

{[%evp 24,39,13,13,6,0,0,-4,7,7,3,2,4,5,0,4,3,0]} 1. d4 d5 2. c4 dxc4 3. Nf3 Nf6 4. e3 e6 5. Bxc4 c5 6. O-O a6 7. dxc5 Qxd1 8. Rxd1 Bxc5 9. Be2 b6 10. b3 Bb7 11. Bb2 Nbd7 12. Nbd2 {[%cal Bb1d2,Bd2f3,Bf3e5][%mdl 32]} O-O {D27: Queen's Gambit Accepted: Classical main line: 7 e4!? and 7 a4} 13. Ne1 {LiveBook: 13 Games. The position is equal.} (13. Rac1 Rfd8 14. Nc4 Bd5 15. Bd4 Rac8 16. Bxc5 Rxc5 17. Nce5 Bxf3 18. Nxf3 Rxc1 19. Rxc1 a5 20. Rc6 {½-½ (40) Nepomniachtchi,I (2705)-Nakamura,H (2816) Baku 2015}) 13... Rfc8 {[#]} 14. Bf3 $146 ({Predecessor:} 14. Nd3 Be7 15. Rac1 b5 16. Nf3 Kf8 17. Nd4 Ke8 18. Bf3 Ne4 19. Ne2 g6 20. Ng3 {½-½ (42) Esipenko,A (2523)-Xiong,J (2642) Saint Louis 2017}) 14... Bxf3 15. Ndxf3 Rc7 16. Kf1 Rac8 17. Rac1 Be7 18. Rxc7 Rxc7 19. Ne5 Kf8 20. Nxd7+ 1/2-1/2

[Event "Peace Tournament 2018"]
[Site "Zagreb"]
[Date "2018.11.19"]
[Round "7.1"]
[White "Stevic, Hrvoje"]
[Black "Ivanchuk, Vassily"]
[Result "0-1"]
[WhiteElo "2589"]
[BlackElo "2714"]
[Annotator "TA"]
[PlyCount "112"]
[EventDate "2018.11.12"]
[EventType "tourn"]
[EventCountry "CRO"]
[SourceTitle "playchess.com"]
[Source "ChessBase"]
[SourceQuality "1"]

{[%evp 19,112,0,0,0,0,0,0,-1,0,0,12,19,16,0,0,-4,-7,-6,-11,-28,-31,-29,-19,-48,-54,-50,-53,-54,-59,-61,-54,-63,-54,-55,-61,-64,-64,-64,-63,-52,-56,-80,-67,-75,-66,-91,-84,-103,-101,-99,-107,-123,-124,-363,-369,-360,-362,-361,-343,-352,-363,-359,-344,-353,-362,-362,-365,-362,-354,-347,-347,-379,-342,-390,-228,-390,-385,-378,-353,-327,-320,-304,-303,-524,-524,-590,-590,-590,-590,-590,-583,-930,-930,-692,-672]} 1. e4 c5 2. c3 Nf6 3. e5 Nd5 4. Nf3 Nc6 5. d4 cxd4 6. cxd4 d6 7. Bc4 Nb6 8. Bb5 Bd7 9. exd6 {B22: Sicilian: 2 c3} e6 10. Bg5 f6 {LiveBook: 11 Games} 11. Bd2 {The position is equal.} Bxd6 12. O-O O-O 13. Nc3 Nb4 {[#]} 14. Re1 $146 ({Predecessor:} 14. Qb3 N4d5 15. Ne4 Bxb5 16. Qxb5 Rc8 {½-½ (29) Acs,P (2570)-Saric,I (2628) Germany 2014}) 14... Rc8 15. Qb3 Re8 16. a3 {Bxd7 is the strong threat.} N4d5 17. Ne4 Bxb5 18. Qxb5 Bf8 19. b3 Nc7 20. Qa5 Na6 21. Bb4 Nxb4 22. axb4 Nd5 23. Qxd8 $1 Rexd8 24. Nc5 {[%mdl 64] Double Attack} b6 {[%cal Bb7b6,Bb6b5][%mdl 32]} 25. Nxe6 Rd7 $1 26. Nxf8 Kxf8 27. Ra4 b5 28. Ra5 Rb7 29. h4 Nxb4 30. h5 Kf7 31. Nd2 Rd8 32. Rea1 a6 $1 ({Don't play} 32... Rxd4 $6 33. Rxa7 Rxa7 34. Rxa7+ Kg8 35. Nf3 $11) 33. Ne4 Rd5 34. Nc5 Re7 {aiming for ...Nc2.} 35. Nxa6 Nc2 ({But not} 35... Rxd4 $6 36. Rxb5 Nc2 37. Ra2 $11) 36. Rc1 $2 (36. Rb1 $17) 36... Nxd4 $19 37. Rc5 Ne2+ $1 ({Weaker is} 37... Nxb3 38. Rxd5 Nxa5 39. Rxb5 $11) 38. Kh2 Rxc5 $1 39. Nxc5 {[%mdl 4096] Endgame [#] KRN-KRN} Re5 $1 {[%cal Re5h5]} 40. Ra7+ {[#]} Ke8 $1 {[%cal Re5h5]} 41. g4 Rxc5 42. Rxg7 {KRN-KR} Rg5 43. Rxh7 Rxg4 44. Kh3 Rg5 45. h6 Nf4+ 46. Kh4 Ng6+ 47. Kh3 Ne7 48. Rh8+ Kf7 49. Rb8 Nc6 50. Rb7+ Kg6 51. f4 $2 (51. h7 Rh5+ {[%mdl 64] Double Attack} 52. Kg4) 51... Rh5+ {Black is clearly winning.} 52. Kg4 Kxh6 53. Rb6 Rc5 54. b4 Rc4 55. Kf5 Ne7+ 56. Kg4 {[#]} Rxf4+ $1 {[%mdl 512] Accuracy: White = 54%, Black = 98%.} 0-1

[Event "Peace Tournament 2018"]
[Site "Zagreb"]
[Date "2018.11.19"]
[Round "7.2"]
[White "Bacrot, Etienne"]
[Black "Kozul, Zdenko"]
[Result "1-0"]
[WhiteElo "2677"]
[BlackElo "2612"]
[Annotator "TA"]
[PlyCount "85"]
[EventDate "2018.11.12"]
[EventType "tourn"]
[EventCountry "CRO"]
[SourceTitle "playchess.com"]
[Source "ChessBase"]
[SourceQuality "1"]

{[%evp 20,85,22,23,45,43,92,116,128,110,103,81,80,34,25,23,15,16,16,16,17,0,0,10,54,39,58,51,141,141,143,141,186,104,108,103,203,203,199,190,204,205,211,202,244,234,342,321,347,352,748,724,5414,5414,5414,5414,29986,996,979,0,29986,0,998,945,1302,1271,29991,29992]} 1. e4 c5 2. Nf3 d6 3. d4 cxd4 4. Nxd4 Nf6 5. Nc3 Nc6 6. f3 e5 7. Nb3 Be7 8. Be3 O-O 9. Qd2 Be6 10. O-O-O a5 11. Bb5 {LiveBook: 48 Games} a4 {B56: Classical Sicilian: Unusual Lines} (11... Nb4 12. Kb1 d5 13. exd5 Nbxd5 14. Nxd5 Nxd5 15. Bc4 Nxe3 16. Qxe3 Qc8 17. Bxe6 Qxe6 18. Rhe1 a4 19. Nc5 Bxc5 20. Qxc5 {½-½ (94) Fressinet,L (2649)-Ponomariov,R (2681) Batumi 2018}) 12. Bxa4 Nb4 13. a3 $146 ({Predecessor:} 13. Kb1 Nxa2 14. Kxa2 b5 15. Nxb5 Rxa4+ 16. Kb1 Qa8 17. Nc3 Ra6 18. Nd5 Nxd5 19. exd5 Bf5 20. g4 Bg6 21. h4 Rb8 22. Qh2 Rxb3 23. Kc1 Rxb2 24. Kxb2 Ra2+ 25. Kc1 Qa3+ {0-1 (25) Temple,V-Salazar,C Lima 1993}) 13... Na2+ {White is better.} 14. Nxa2 Rxa4 15. Nc3 Rc4 16. Kb1 Qa8 $1 17. Bg5 Rfc8 $1 18. Bxf6 Bxf6 19. Qxd6 R8c6 20. Qd3 {Strongly threatening Nd5.} Rxc3 $1 21. bxc3 {Black should prevent Qb5.} Be7 22. Qb5 (22. a4 Qxa4 23. Qd8+ Bf8 $17) 22... h6 23. Qa5 Ra6 (23... Qb8 $14) 24. Qc7 $16 (24. Qxe5 $6 Rxa3 25. Qc7 Bf6 $11) 24... Bf6 {[#]} 25. Kb2 $1 b6 {[#]} 26. c4 ({White should play} 26. a4 $1 $18) 26... Ra7 27. Qxb6 {aiming for Nc5.} Be7 (27... Bxc4 $16 {was worth a try.} 28. a4 Be7) 28. Rd6 $18 Bxd6 29. Qxd6 Bxc4 30. Rd1 Kh7 31. Qc5 ({Don't take} 31. Qxe5 $6 Rxa3 32. Qf5+ Kg8 $16) 31... Be6 32. Rd8 Qb7 (32... Qxd8 {was necessary.} 33. Qxa7 Qg5) 33. Qxe5 Qa6 34. Qd6 Qf1 $2 (34... Qc4 35. Qc5 (35. Qf8 $2 Rc7 $19) 35... Qa4) 35. Qb8 {Intending Rh8+ and mate.} Qa6 36. Rh8+ Kg6 37. Qg3+ Kh5 38. Qe5+ (38. Qxg7 $142 Qxa3+ 39. Kb1 Qa2+ 40. Kc1 Qa3+ 41. Kd1 Rd7+ 42. Ke2 Qa6+ 43. Ke1) 38... Kg6 39. Qg3+ Kh5 $1 40. Qe5+ (40. Qxg7 $142 Qxa3+ 41. Kb1 Qa2+ 42. Kc1 Qa3+ 43. Kd1 Rd7+ 44. Ke2 Qa6+ 45. Ke1) 40... Kg6 41. h4 {[%csl Ge5][%cal Rh4h5]} Qxa3+ 42. Kc3 {[%csl Ge5][%cal Rh4h5]} f6 43. Qxe6 {Accuracy: White = 71%, Black = 36%.} 1-0